书目信息 |
| 题名: |
公共部门人力资源开发与管理
|
|
| 作者: | 孙柏瑛 , 祁光华 编著 | |
| 分册: | ||
| 出版信息: | 北京 中国人民大学出版社 2012.6 |
|
| 页数: | 302页 | |
| 开本: | 26cm | |
| 丛书名: | ||
| 单 册: | ||
| 中图分类: | D035.2 | |
| 科图分类: | ||
| 主题词: | 人事管理学--高等教育--教材 , 人事管理学 | |
| 电子资源: | ||
| ISBN: | 978-7-300-15943-0 | |
| 000 | 01097nam0 2200277 450 | |
| 001 | 5 | |
| 005 | 20140905095748.17 | |
| 010 | @a978-7-300-15943-0@dCNY38.00 | |
| 100 | @a20121106d20122004em y0chiy50 ea | |
| 101 | 0 | @achi |
| 102 | @aCN@b110000 | |
| 105 | @ay z 000yy | |
| 106 | @ar | |
| 200 | 1 | @a公共部门人力资源开发与管理@AGong Gong Bu Men Ren Li Zi Yuan Kai Fa Yu Guan Li@f孙柏瑛,祁凡骅编著@FSun Bai Ying, Qi Fan Hua Bian Zhu |
| 205 | @a3版 | |
| 210 | @a北京@c中国人民大学出版社@d2012.6 | |
| 215 | @a302页@d26cm | |
| 300 | @a21世纪公共管理系列教材 普通高等教育“十一五”国家级规划教材 教育部普通高等教育精品教材 | |
| 330 | @a本书把人力资源放在公共组织及其文化变革的框架下进行讨论,并将最新的人力资源管理知识运用于公共部门人力资源管理的分析之中,直观地呈现公共部门人力资源管理的相关知识和管理方法。 | |
| 606 | 0 | @a人事管理学@x高等教育@j教材 |
| 606 | 0 | @a人事管理学 |
| 690 | @aD035.2@v5 | |
| 701 | 0 | @a孙柏瑛@ASun Bai Ying@g(女,@f1963~)@4编著 |
| 701 | 0 | @a祁光华@AQi Guang Hua@g(人力资源管理)@4编著 |
| 801 | 0 | @aCN@bTANGWEI@c20140603 |
| 905 | @b0839068-70@dD035.2@e115=3@f3 | |
| 公共部门人力资源开发与管理/孙柏瑛,祁凡骅编著.-3版.-北京:中国人民大学出版社,2012.6 |
| 302页;26cm |
| 21世纪公共管理系列教材 普通高等教育“十一五”国家级规划教材 教育部普通高等教育精品教材 |
| ISBN 978-7-300-15943-0:CNY38.00 |
| 本书把人力资源放在公共组织及其文化变革的框架下进行讨论,并将最新的人力资源管理知识运用于公共部门人力资源管理的分析之中,直观地呈现公共部门人力资源管理的相关知识和管理方法。 |
| ● |
| 相关链接 |
|
|
|
|
正题名:公共部门人力资源开发与管理
索取号:D035.2/115=3
 
预约/预借
| 序号 | 登录号 | 条形码 | 馆藏地/架位号 | 状态 | 备注 |
| 1 | 0839068 | 208390686 | 第一样本阅览室/ [索取号:D035.2/115=3] | 在馆 | |
| 2 | 0839069 | 208390695 | 第一借阅区/ [索取号:D035.2/115=3] | 在馆 | |
| 3 | 0839070 | 208390702 | 第一借阅区/ [索取号:D035.2/115=3] | 在馆 |